| 000 | 00770nam a2200253Ia 4500 | ||
|---|---|---|---|
| 003 | OSt | ||
| 005 | 20220926022810.0 | ||
| 006 | a|||||r|||| 00| 0 | ||
| 007 | ta | ||
| 008 | 220923b |||||||| |||| 00| 0 eng d | ||
| 020 | _a0442213069 | ||
| 037 | _cGeneral Book | ||
| 040 |
_aRTL _cRTL _beng |
||
| 041 |
_2eng _aeng |
||
| 082 | _aD6,9(B), M4 | ||
| 100 |
_aBeizer Boris _9328282 |
||
| 245 | 0 | _aSoftware system testing and quality assurance | |
| 260 |
_aNew York _bVan Nostrant USA _c1984 |
||
| 300 |
_axxii, 358p. Bibliography P 331-48 _ccm. |
||
| 490 | _aVan Nostrant/Reinhold electrical/Computer science and engineering series | ||
| 650 | _aComputer Science | ||
| 942 |
_hD6,9(B), M4 _cGB _2CC |
||
| 999 |
_c640292 _d640292 |
||